Fill the Champions League Trophy - Statistics

General Stats
  • This quiz has been taken 1,261 times
    984 since last reset
  • The average score is 19 of 23
Answers on the Map
Answers color-coded by a green-red scale on the quiz's map according to % correct below.
 
Answer Stats
Club Title(s) Runners-up % Correct
Real Madrid 15 3
100%
Barcelona 5 3
98%
Milan 7 4
98%
Bayern Munich 6 5
97%
Inter Milan 3 3
96%
Liverpool 6 4
96%
Manchester United 3 2
96%
Manchester City 1 1
93%
Juventus 2 7
91%
Chelsea 2 1
90%
Ajax 4 2
89%
Borussia Dortmund 1 2
89%
Porto 2 0
86%
Nottingham Forest 2 0
83%
Benfica 2 5
81%
Aston Villa 1 0
76%
Marseille 1 1
75%
PSV Eindhoven 1 0
74%
Celtic 1 1
69%
Red Star Belgrade 1 0
67%
Feyenoord 1 0
65%
Hamburger SV 1 1
63%
Steaua București 1 1
60%
No matching quizzes found
Score Distribution
Percent of People with Each Score
Percentile by Number Answered
Your Score History
You have not taken this quiz since the last reset